000 00707nam a2200241Ia 4500
999 _c51251
_d51251
001 18211
003 GE_BSU
005 20250130154917.0
008 181216s2014||||enk|||||||||||||| ||eng||
020 _a9781452275888x
040 _cGE_BSU
041 _aeng
080 _a613 M-83
100 _aMoody, Harry R.
_924197
245 _aAging : concepts and controversies /
_c Harry R. Moody and Jennifer R. Sasser.
250 _a8th edition.
264 _aLos Angeles ; London :
_bSAGE,
_c2014.
300 _a 565 p;
_bill;
_c24 cm.
653 _aAging : concepts and controversies
653 _aმედიცინა
700 _aJennifer R. Sasser.
_eავტორი
_924198
942 _cBK
_2udc